000 00704nam a2200181Ia 4500
008 151202s9999||||xx |||||||||||||| ||und||
082 _bPNVM-50466
100 _aशहाणे रत्नप्रभा.
245 _aर्‍हृदयातले चांदणे.
260 _b"मराठी साहित्य परीषद, आंा्र प्रदेश."
260 _c50466
300 _a158
600 _aशहाणे रत्नप्रभा.
630 _aर्‍हृदयातले चांदणे.
700 _aशहाणे रत्नप्रभा.
730 _aर्‍हृदयातले चांदणे.
942 _cBOOK
999 _c1317008
_d1317005